LIBRARY ONLINE CATALOGUE

Don't waste your life / (Record no. 21704)

MARC details
000 -LEADER
fixed length control field 01225cam a2200361 a 4500
001 - CONTROL NUMBER
control field 13146723
003 - CONTROL NUMBER IDENTIFIER
control field OSt
005 - DATE AND TIME OF LATEST TRANSACTION
control field 20260617101331.0
008 - FIXED-LENGTH DATA ELEMENTS--GENERAL INFORMATION
fixed length control field 030403s2003 ilu b 000 0 eng
010 ## - LIBRARY OF CONGRESS CONTROL NUMBER
LC control number 2003007833
020 ## - INTERNATIONAL STANDARD BOOK NUMBER
International Standard Book Number 1581344988
Qualifying information pbk. : alk. paper
020 ## - INTERNATIONAL STANDARD BOOK NUMBER
International Standard Book Number 9781581344981
Qualifying information (pbk. : alk. paper)
035 ## - SYSTEM CONTROL NUMBER
System control number 13146723
040 ## - CATALOGING SOURCE
Original cataloging agency DLC
Transcribing agency DLC
Modifying agency DLC
042 ## - AUTHENTICATION CODE
Authentication code pcc
050 00 - LIBRARY OF CONGRESS CALL NUMBER
Classification number BV4501.3
Item number .P555 2003
082 00 - DEWEY DECIMAL CLASSIFICATION NUMBER
Classification number 248.4
Edition number 21
100 1# - MAIN ENTRY--PERSONAL NAME
Personal name Piper, John,
Dates associated with a name 1946-
245 10 - TITLE STATEMENT
Title Don't waste your life /
Statement of responsibility, etc. John Piper.
260 ## - PUBLICATION, DISTRIBUTION, ETC. (IMPRINT)
Place of publication, distribution, etc. Wheaton, Ill. :
Name of publisher, distributor, etc. Crossway Books,
Date of publication, distribution, etc. c2003.
300 ## - PHYSICAL DESCRIPTION
Extent 191 p. ;
Dimensions 22 cm.
336 ## - CONTENT TYPE
Content type term text
Content type code txt
Source rdacontent
337 ## - MEDIA TYPE
Media type term unmediated
Media type code n
Source rdamedia
338 ## - CARRIER TYPE
Carrier type term volume
Carrier type code nc
Source rdacarrier
504 ## - BIBLIOGRAPHY, ETC. NOTE
Bibliography, etc Includes bibliographical references.
583 ## - ACTION NOTE
Action Cataloguing:
Time/date of action 20260617
Action agent gtanuigtanui
650 #0 - SUBJECT ADDED ENTRY--TOPICAL TERM
Topical term or geographic name as entry element Christian life.
856 41 - ELECTRONIC LOCATION AND ACCESS
Materials specified Table of contents
Uniform Resource Identifier <a href="http://www.loc.gov/catdir/toc/ecip042/2003007833.html">http://www.loc.gov/catdir/toc/ecip042/2003007833.html</a>
906 ## - LOCAL DATA ELEMENT F, LDF (RLIN)
a 7
b cbc
c orignew
d 1
e ecip
f 20
g y-gencatlg
942 ## - ADDED ENTRY ELEMENTS (KOHA)
Source of classification or shelving scheme Library of Congress Classification
Koha item type General Collection
Holdings
Withdrawn status Lost status Source of classification or shelving scheme Not for loan Home library Current library Shelving location Date acquired Source of acquisition Inventory number Total Checkouts Full call number Barcode Date last seen Price effective from Koha item type Copy number
    Library of Congress Classification   Kabarak, Main Campus Kabarak, Main Campus General Stacks 17/06/2026 Donation 2026/4385   BV4501.3 .P555 2003 C.1 38111 17/06/2026 17/06/2026 General Collection  
    Library of Congress Classification   Kabarak, Main Campus Kabarak, Main Campus General Stacks 02/07/2026 Donation 2026/4386   BV4501.3 .P555 2003 C.2 38112 02/07/2026 02/07/2026 General Collection C.2